000 00558nam a2200193 i 4500
001 51719
003 ES-MaACL
005 20230906162424.0
007 t|
008 030818s1967 sp ||||1| spa d
100 1 _aDaninos, Pierre.
_942642
245 1 0 _aSnobissmo o El deseo de parecer /
_cPierre Daninos ; [traducción por C. Zaragoza].
250 _a[1ª ed.].
260 _aBarcelona :
_bPlaneta,
_c[1967]
300 _a242 p. ;
_c19 cm.
700 1 _aZaragoza, C.
_9118027
740 3 _aEl deseo de parecer.
852 _aES-MaACL
_jC-31334
_bR.61782
999 _c51719
_d51719